Central Library OPAC University of Rajshahi

Local level planning in Bangladesh / (Record no. 78280)

MARC details
000 -LEADER
fixed length control field 00889nam a2200289 a 4500
001 - CONTROL NUMBER
control field 78280
003 - CONTROL NUMBER IDENTIFIER
rucl marc code BD-RjUL
005 - DATE AND TIME OF LATEST TRANSACTION
control field 20211209083119.0
008 - FIXED-LENGTH DATA ELEMENTS--GENERAL INFORMATION
fixed length control field 841116s1982 bg b 001 0 eng
020 ## - INTERNATIONAL STANDARD BOOK NUMBER
Terms of availability Tk35.00 ($5.00 U.S.)
035 ## - SYSTEM CONTROL NUMBER
System control number (BD-RjUL)78506
040 ## - CATALOGING SOURCE
Original cataloging agency DLC
Transcribing agency DLC
Modifying agency DLC
-- BD-RjUL
Language of cataloging eng
041 ## - LANGUAGE CODE
Language code of text/sound track or separate title eng
043 ## - GEOGRAPHIC AREA CODE
Geographic area code a-bg---
082 00 - DEWEY DECIMAL CLASSIFICATION NUMBER
Classification number 338.95492
Edition number 23
Author mark and year HYL 1982
100 0# - MAIN ENTRY--PERSONAL NAME
Personal name Hye, Hasnat Abdul.
9 (RLIN) 247327
245 10 - TITLE STATEMENT
Title Local level planning in Bangladesh /
Statement of responsibility, etc. Hasnat Abdul Hye.
260 ## - PUBLICATION, DISTRIBUTION, ETC. (IMPRINT)
Place of publication, distribution, etc. Dacca :
Name of publisher, distributor, etc. National Institute of Local Government,
Date of publication, distribution, etc. 1982.
300 ## - PHYSICAL DESCRIPTION
Pagination v, 153 p. ;
Size 23 cm.
500 ## - GENERAL NOTE
General note Includes index.
504 ## - BIBLIOGRAPHY, ETC. NOTE
Bibliography, etc Bibliography: p. [145]-148.
650 #0 - SUBJECT ADDED ENTRY--TOPICAL TERM
Topical term or geographic name as entry element Regional planning
Geographic subdivision Bangladesh.
9 (RLIN) 247328
651 #0 - SUBJECT ADDED ENTRY--GEOGRAPHIC NAME
Geographic name Bangladesh
General subdivision Economic policy.
9 (RLIN) 247329
Geographic name Bangladesh
General subdivision Social policy.
9 (RLIN) 247330
942 ## - ADDED ENTRY ELEMENTS (KOHA)
Source of classification or shelving scheme Dewey Decimal Classification
Koha item type Books
Holdings
Lost status Source of classification or shelving scheme Damaged status Not for loan Collection code Permanent Location Current Location Shelving location Date acquired Source of acquisition Cost, normal purchase price Total Checkouts Full call number Date last seen Copy number Koha item type
  Dewey Decimal Classification     Non-fiction Central Library, University of Rajshahi Central Library, University of Rajshahi   25/06/1984 Dhaka, Book Syndicate 35.00   338.95492 HYL 1982 01/09/2021 C-2 Books